| 000 | 00550nam a2200169 i 4500 | ||
|---|---|---|---|
| 001 | 89528 | ||
| 003 | ES-MaACL | ||
| 005 | 20230906180218.0 | ||
| 007 | t| | ||
| 008 | 050111s1948 sp ||||1| spa d | ||
| 100 | 1 |
_aLasheras Sanz, Antonio. _970440 |
|
| 245 | 1 | 0 |
_aMatemática del seguro / _cpor Antonio Lasheras Sanz ; prólogo por José G. Alvarez Ude. |
| 260 |
_aMadrid, etc. : _bDossat, _c1948 ( _fNuevas Gráficas) |
||
| 300 |
_aXXVIII, 690 p. ; _c25 cm. |
||
| 700 | 1 |
_aÁlvarez Ude, José Gabriel. _920980 |
|
| 852 |
_aES-MaACL _jE-1564 _bR.37100 |
||
| 999 |
_c89528 _d89528 |
||